Plantas como evidencia legal. Desarrollo de la botánica forense en Colombia (Registro nro. 16250)

Detalles MARC
000 -CABECERA
Campo de control 004770000a22001330004500
090 ## - CLASIFICACIÓN LOCAL
Colección AS
Consecutivo SEREADAS
041 0# - IDIOMA
Código de idioma para texto/pista de sonido o título separado
100 1# - ASIENTO PRINCIPAL--NOMBRE PERSONAL
Nombre personal Fernández Alonso, J. L.
245 10 - MENCION DE TITULO
Título Plantas como evidencia legal. Desarrollo de la botánica forense en Colombia
700 1# - ASIENTO SECUNDARIO - NOMBRE PERSONAL
Nombre personal Galindo Bonilla, A.
700 1# - ASIENTO SECUNDARIO - NOMBRE PERSONAL
Nombre personal Idrobo, J. M.
773 1# - Item fuente:
Título Revista de la Academia Colombiana de Ciencias Exactas, Físicas y Naturales
Descripción física 119
Paginas del Articulo 181-198 p.
Lugar, editorial y fecha de publicación 2007
Información sobre la relación 31
942 ## - ELEMENTOS ADICIONALES (KOHA)
Tipo de ítem Artículo

No hay ítems disponibles.